| 000 | 00910nam a22002417a 4500 | ||
|---|---|---|---|
| 999 |
_c64588 _d64588 |
||
| 005 | 20240530110739.0 | ||
| 008 | 180918s2000 ua g 000 0dara d | ||
| 017 |
_a2000/7758 _bمصر. دار الكتب |
||
| 020 | _a977325024 | ||
| 040 |
_aEG-CaGPL _cEG-CaGPL |
||
| 082 | 0 | 4 |
_221 _a214.24 / _bح م |
| 100 | 0 | _aحسنى يوسف الاطير | |
| 245 | 1 | 0 |
_aمقدمة فى نشاة التكابات الدفاعية بين الاسلام والنصرانية / _cتاليف حسنى يوسف الاطير |
| 250 | _aط.1 | ||
| 260 |
_aالقاهرة : _bمكتبة الزهراء، _c2000. |
||
| 300 |
_a553 ص. ؛ _c24 سم. |
||
| 650 | 0 | 7 |
_2qrmak _aالاسلام و المسيحية |
| 650 | 0 | 7 |
_2qrmak _aالاسلام والديانات الاخرى |
| 650 | 0 | 7 |
_2qrmak _aالثقافة الاسلامية |
| 651 | _2qrmak | ||
| 942 |
_2ddc _cBK |
||